Statistics for Countries by Famous Sportsperson

Click here to take the quiz!

General Stats

  • This quiz has been taken 91 times
  • The average score is 11 of 20

Answer Stats

sportspersoncountry% Correct
Usain BoltrunningJamaica
98%
Zinedine ZidanefootballFrance
79%
Wayne Gretzkyice hockeyCanada
75%
Manny PacquiaoboxingPhilippines
71%
Yevgeni Plushchenkofigure skatingRussia
71%
Nadia ComănecigymnasticsRomania
67%
Mesut ÖzilfootballGermany
66%
Annika SörenstamgolfSweden
65%
Sergei Bubkapole vaultUkraine
62%
Yaya TouréfootballCôte d'Ivoire
60%
Donald BradmancricketAustralia
59%
Jackie Joyner KerseeathleticsUnited States
55%
Paavo NurmirunningFinland
53%
Richie McCawrugbyNew Zealand
45%
Virginia WadetennisUnited Kingdom
42%
Javier Sotomayorhigh jumpCuba
35%
Emil ZátopekrunningCzechia
34%
Miguel CabrerabaseballVenezuela
31%
Arvydas SabonisbasketballLithuania
29%
Nick PricegolfZimbabwe
18%

Score Distribution

Percentile by Number Answered

Percent of People with Each Score

Your Score History

You have not taken this quiz